000 00671nas a2200253 i 4500
001 2699
003 ES-MaACL
005 20250217134714.0
007 t|
008 980219c1978 fr w| | 0 ||re d
022 _a0184-9336
080 _a(44)
080 _a05
245 0 3 _aLe Figaro magazine.
260 _aParis :
_bFigaro,
_c1978-
300 _a170 v. :
_bil. ;
_c30 cm.
310 _aSemanal
362 0 _aNº 1 (7 oct. 1978)-
650 1 4 _aRevistas de información general.
_916896
772 0 _aLe Figaro
852 _aES-MaACL
_jHEM-D-222
_xOlim Hem-1726
866 0 _o(1978-80) 1981-82 (1983) 1984-85 (1986-96) 1997-2005.
999 _c2699
_d2699